A MICE-turizmus rezilienciája, trendjei és fejlesztési lehetőségei a COVID-19 után Budapesten a Budapest Kongresszusi Központ példáján keresztül
| Szerző: | |
|---|---|
| További közreműködők: | |
| Dokumentumtípus: | Diplomadolgozat |
| Kulcsszavak: | konferencia koronavírus-járvány (COVID-19) nemzetközi konferencia turizmus világgazdasági trendek |
| Online Access: | http://dolgozattar.uni-bge.hu/59474 |
MARC
| LEADER | 00000nta a2200000 i 4500 | ||
|---|---|---|---|
| 001 | dolg59474 | ||
| 005 | 20260409145118.0 | ||
| 008 | 260409suuuu hu om 000 hun d | ||
| 040 | |a BGE Dolgozattár Repozitórium |b hun | ||
| 041 | |a hu | ||
| 100 | 1 | |a Mikula Adél | |
| 245 | 1 | 2 | |a A MICE-turizmus rezilienciája, trendjei és fejlesztési lehetőségei a COVID-19 után Budapesten a Budapest Kongresszusi Központ példáján keresztül |c Mikula Adél |h [elektronikus dokumentum] |
| 520 | 3 | |a A tanulmány a MICE-turizmus (Meetings, Incentives, Conferences, Exhibitions) COVID-19 utáni rezilienciáját, aktuális trendjeit és fejlesztési lehetőségeit vizsgálja Budapesten, különös tekintettel a Budapest Kongresszusi Központ példájára. Elemzi a szektor válaszait a járvány kihívásaira, a hibrid események és digitalizáció szerepét, valamint a fenntarthatóságot célzó stratégiákat. A cél, hogy iránymutatást adjon a MICE-piac hosszú távú versenyképességének megőrzésére a megváltozott globális környezetben. | |
| 695 | |a konferencia | ||
| 695 | |a koronavírus-járvány (COVID-19) | ||
| 695 | |a nemzetközi konferencia | ||
| 695 | |a turizmus | ||
| 695 | |a világgazdasági trendek | ||
| 700 | 1 | |a Karakasné Dr. Morvay Klára |e ths | |
| 856 | 4 | 0 | |u http://dolgozattar.uni-bge.hu/59474/1/A%20MICE-turizmus%20rezilienci%C3%A1ja%2C%20trendjei%20%C3%A9s%20fejleszt%C3%A9si%20lehet%C5%91s%C3%A9gei%20a%20COVID-19%20ut%C3%A1n%20Budapesten%20a%20Budapest%20Kongresszusi%20K%C3%B6zpont%20p%C3%A9ld%C3%A1j%C3%A1n%20kereszt%C3%BCl_MIKULA%20AD%C3%89L.pdf |z Dokumentum-elérés |
| 856 | 4 | 0 | |u http://dolgozattar.uni-bge.hu/59474/2/Titkos%C3%ADt%C3%A1si%20k%C3%A9relem_Mikula%20Ad%C3%A9l.pdf |z Dokumentum-elérés |
| 856 | 4 | 0 | |u http://dolgozattar.uni-bge.hu/59474/3/MikulaAd%C3%A9l_MSc_konzulensi_KarakasneMK.pdf |z Dokumentum-elérés |
| 856 | 4 | 0 | |u http://dolgozattar.uni-bge.hu/59474/4/B%C3%ADr%C3%A1lati%20lap%20Mikula%20Ad%C3%A9l%20opponens%20K%C3%B3r%C3%B3di%20M%C3%A1rta%20TurTsz.pdf |z Dokumentum-elérés |